000 00542nam a2200193Ia 4500
005 20250508152332.0
008 008 250505s9999 xx 000 0 eng d
037 _aTextual
040 _aFEDL
_beng
_cFEDL
041 _aeng
_2eng
084 _a150.195, OBE
_qFEDL
100 _aOberndorf C P
_9761228
245 0 _aHistory of psychoanalysis in America
260 _aNew York, USA
_bGrune and Stratton
_c1953
300 _avii,280p.
650 _aPsychology
942 _cTEXL
_h150.195, OBE
999 _c1335776
_d1335776